Les 15 meilleurs joueurs de foot des années 1990's - Statistiques

Statistiques générales
  • Ce quiz a été pris 165 fois
  • Le résultat moyen est 9 sur 15
Statistiques - réponses
classement joueur poste nationalité % Correct
1 Ronaldo A brésilien
99%
3 Maldini D italien
83%
6 Rivaldo A brésilien
76%
7 Figo A portugais
73%
11 Weah A libérien
71%
12 Schmeichel G danois
65%
9 Cafu D brésilien
64%
4 Baggio A italien
61%
14 Papin A français
60%
5 Matthaus M allemand
55%
2 Romario A brésilien
53%
15 Batistuta A argentin
45%
8 Stoichkov A bulgare
43%
10 Bergkamp A néerlandais
34%
13 Sammer D allemand
34%
Aucun quiz correspondant
Distribution des résultats
% des personnes avec chaque résultat
Percentile par nombre de réponses
Votre historique - résultats
Vous n’avez pas pris ce quiz